Riconosci lo Stato - Quiz n°107 - Statistics

Statistiche generali
  • Questo quiz è stato fatto 19 volte
  • Il punteggio medio è 11 su 13
Statistiche sulle risposte
Indizio Risposta % Corretto
Iniziale della Capitale B
94%
Re Carlo III Governatore generale: Marcella Liburd
94%
Valuta Dollaro
94%
Fuso Orario UTC-4
88%
Popolazione 53 192 ab.
81%
Indipendenza dal Regno Unito il 19 settembre 1983
81%
Primo ministro Terrance Drew
81%
Tasso di crescita 0,68%
75%
ISU 0,779
75%
Superficie 261 km²
75%
PIL (nominale) 980 milioni di $
75%
Forma di Governo Monarchia costituzionale (Reame del Commonwealth) federale
75%
Risposta Saint Kitts e Nevis
69%
Nessun quiz corrispondente trovato
Distribuzione punteggi
Percentuale di utenti per punteggio
Percentile per numero di risposta
I tuoi punteggi nel tempo
Non hai fatto questo quiz